| 000 | 01357cam a22003617a 4500 | ||
|---|---|---|---|
| 003 | CHAP | ||
| 005 | 20220329133245.0 | ||
| 008 | 971013s1989 r 10010 d | ||
| 010 | _a4009 | ||
| 011 | _a4981 | ||
| 035 | _a4186 | ||
| 040 | _cCHAP | ||
| 082 |
_a633.82 _bS4 |
||
| 111 | 0 | 0 |
_aSemana Nacional de la Vainilla ( _n1 _d: 1989 _c: Papantla, Ver.) _9103850 |
| 245 | 0 | _aMemorias | |
| 260 |
_aXalapa, Ver. : _bLa Comisión, _c1989 |
||
| 300 | _a178 p | ||
| 590 |
_aBATCH-UPD _b10 _c20130110 _lUCH01 _h1737 |
||
| 590 |
_aBATCH-UPD _b10 _c20130410 _lUCH01 _h1117 |
||
| 590 |
_aBATCH-UPD _b10 _c20130914 _lUCH01 _h1017 |
||
| 590 |
_aCONVERSION _b10 _c20130109 _lUCH01 _h1303 |
||
| 650 | 1 | 4 |
_aVainilla. _9117192 |
| 710 | 0 |
_aComisión Nacional de Fruticultura. México. _925772 |
|
| 901 | _aBK | ||
| 942 | _cLIBRO | ||
| 949 |
_a633.82 S4 _bBC _cCONG _d-13719 _eCONG _h80001 _i4186 _si |
||
| 949 |
_a633.82 S4 _bBC _cLIBRO _d33724000199220 _eLIBRO _fc.2 _h80002 _i4186 _si |
||
| 949 |
_a633.82 S4 _bBC _cLIBRO _d33724000199238 _eLIBRO _fc.7 _h83282 _i4186 _si |
||
| 949 |
_a633.82 S4 _bBC _cLIBRO _d33724000199246 _eLIBRO _fc.6 _h83281 _i4186 _si |
||
| 949 |
_a633.82 S4 _bBC _cLIBRO _d33724000199253 _eLIBRO _fc.5 _h83280 _i4186 _si |
||
| 949 |
_a633.82 S4 _bBC _cLIBRO _d33724000199261 _eLIBRO _fc.4 _h83279 _i4186 _si |
||
| 949 |
_a633.82 S4 _bBC _cLIBRO _d33724000199279 _eLIBRO _fc.3 _h83278 _i4186 _si |
||
| 999 |
_c4009 _d4009 |
||